Loading...
| Literature - World/Other | 0 | 8 | 0 | 0 | 80 | 86 | 107.00 | 2 | 8 | 18.56 | 42.42 |
| Literature - European | 0 | 7 | 0 | 4 | 70 | 66 | 105.71 | 4 | 7 | 13.12 | 42.42 |
| History - European | 0 | 7 | 1 | 2 | 65 | 57 | 88.86 | 3 | 7 | 17.79 | 48.48 |
| Mythology | 0 | 6 | 0 | 1 | 60 | 31 | 87.50 | 1 | 6 | 20.02 | 28.79 |
| Literature - British | 0 | 4 | 0 | 0 | 40 | 62 | 104.00 | 1 | 4 | 8.47 | 22.73 |
| Fine Arts - Other | 0 | 4 | 0 | 1 | 40 | 116 | 130.00 | 2 | 4 | 2.85 | 24.24 |
| Fine Arts - Classical Music | 0 | 3 | 0 | 0 | 30 | 50 | 95.67 | 1 | 3 | 7.90 | 18.18 |
| History - World | 0 | 3 | 0 | 0 | 30 | 47 | 68.33 | 2 | 3 | 11.68 | 21.21 |
| Literature - American | 0 | 3 | 0 | 0 | 30 | 105 | 123.33 | 1 | 3 | 3.61 | 15.15 |
| History - Other | 0 | 3 | 1 | 1 | 25 | 59 | 85.00 | 2 | 3 | 9.15 | 24.24 |
| History - American | 0 | 3 | 1 | 0 | 25 | 73 | 82.33 | 2 | 3 | 8.91 | 18.18 |
| Religion | 0 | 2 | 0 | 0 | 20 | 76 | 92.50 | 0 | 2 | 3.32 | 9.09 |
| Pop Culture | 0 | 1 | 0 | 0 | 10 | 53 | 53.00 | 0 | 1 | 30.08 | 16.67 |
| Social Science | 0 | 1 | 0 | 0 | 10 | 109 | 109.00 | 0 | 1 | 1.29 | 6.06 |
| Fine Arts - Visual | 0 | 1 | 0 | 0 | 10 | 120 | 120.00 | 0 | 1 | 1.19 | 3.03 |
| Philosophy | 0 | 1 | 0 | 1 | 10 | 129 | 129.00 | 0 | 1 | 0.07 | 3.03 |
| Geography/Current Events | 0 | 1 | 1 | 0 | 5 | 76 | 76.00 | 1 | 1 | 6.37 | 11.11 |